000 00692nam a2200241Ia 4500
003 OSt
005 20221007062555.0
006 a|||||r|||| 00| 0
007 ta
008 221006b |||||||| |||| 00| 0 eng d
024 _a7,001
037 _cTextual
040 _aFLL
_cFLL
_beng
041 _2eng
_aeng
082 _aX:95:Z2e, M4
100 _aMalhotra L.C. Au.
_9682966
245 0 _aDismissal, discharge, termination of service and punishment with model forms
250 _a7th
260 _aAllahabad
_bThe University Book Agency India
_c1984
300 _axvi,591p
_ccm.
942 _hX:95:Z2e, M4
_cTEXL
_2CC
999 _c1128993
_d1128993